000 00228nam a2200097Ia 4500
005 20251222175820.0
008 251222s9999||||xx |||||||||||||| ||spa||
082 _aDVD0070/H29/2011
245 4 _aThe artist:El artista
942 _cDVD
999 _c40454
_d40454